000 01384cam a2200337 i 4500
001 20379
003 CO-MdFUSB
005 20190202100234.0
008 161003b xxu||||| |||| 00| 0 eng d
020 _a0-88344-711-8
040 _aCO-MdFUSB
_bEspañol
_cCO-MdFUSB
_dCO-MdFUSB
_erda
041 _aeng
082 _224
_aG 232.098
_bB981w
100 1 _aBussman, Claus
_eautor
245 1 0 _aWho do you say?
_bJesus Christ in Latin American Theology
_c / Claus Bussman ; traducido por German y Robert R. Barr
264 1 _aMaryknoll, New York :
_bOrbis Books,
_c℗1984
264 4 _c©1985
300 _a185 páginas
336 _2rdacontent
_a1
_ba1
337 _2rdamedia
_a2
_b5
338 _2rdacarrier
_a2
_b5
500 _aIncluye índcie (p. 179-185)
501 _aRústico
505 0 0 _aAntecedentes -- La teología de la liberación -- Consultas críticas en la teología de la liberación -- Teología de la cautividad - Interés en Jesús -- Volviendo a Jesús -- Muerte y resurrección de Jesús -- El reino de Dios
534 _cBefreiung durch Jesus? Die christologie der lateinamerikanischen befreiungstheologie, ©1980 por KÖsel-Verlag GmbH & Co., Munich
_pPublicación original:
600 0 7 _aJesucristo
_xHistoricidad
650 0 _aTeología doctrinal
_xHistoria
_9159
651 7 _aAmérica latina
720 _aRobert R. Barr
_etraductor
942 _cBK
999 _c46730
_d46730